00351nam a2200145Ia 4500008004100000020001500041041001200056082001600068100001600084245004000100260003000140300000800170650001400178700001300192221030s9999 xx 000 0 und d a8175152575 aEnglish a105.23bHor aE. Horowitz 0aFundamentals of Computer Alogrithms bGalgotia PubaDelhic2006 a769 aComputers aS. Sahni